000
00200 a2200097 4500
001
26446
100
_a
Pitman
245
_a
Engineering Physics Series
260
_a
_b
Pitman
_c
090
_c
17783
_d
17783
942
_a
NUST-CAE
_c
M
_c
8650
999
_c
261519
_d
261519